German-English dictionary of metallurgy : (Record no. 856558)
[ view plain ]
| 000 -LEADER | |
|---|---|
| fixed length control field | 01091nam a2200301 a 4500 |
| 001 - CONTROL NUMBER | |
| control field | vtls001401133 |
| 003 - CONTROL NUMBER IDENTIFIER | |
| control field | NLI |
| 005 - DATE AND TIME OF LATEST TRANSACTION | |
| control field | 20210627113021.0 |
| 008 - FIXED-LENGTH DATA ELEMENTS--GENERAL INFORMATION | |
| fixed length control field | 121127s1945 nyu d 000 0 eng |
| 020 ## - INTERNATIONAL STANDARD BOOK NUMBER | |
| Terms of availability | USD 4.00 |
| 039 #9 - LEVEL OF BIBLIOGRAPHIC CONTROL AND CODING DETAIL [OBSOLETE] | |
| -- | 201211272009 |
| -- | VLOAD |
| 040 ## - CATALOGING SOURCE | |
| Original cataloging agency | NLI |
| Language of cataloging | eng |
| Transcribing agency | Datasoft_2012 |
| Description conventions | AACR2 |
| 041 1# - LANGUAGE CODE | |
| Language code of text/sound track or separate title | eng |
| Language code of original | ger |
| 044 ## - COUNTRY OF PUBLISHING/PRODUCING ENTITY CODE | |
| MARC country code | nyu |
| 082 04 - DEWEY DECIMAL CLASSIFICATION NUMBER | |
| Classification number | 669.03 |
| 100 1# - MAIN ENTRY--PERSONAL NAME | |
| Personal name | Singer, T. E. R. |
| Fuller form of name | (Tibor Eric Robert), |
| Dates associated with a name | 1902-1966 |
| 9 (RLIN) | 976031 |
| 245 10 - TITLE STATEMENT | |
| Title | German-English dictionary of metallurgy : |
| Remainder of title | with related material on ores, mining and minerals, crystallography, welding, metal-working, tools, metal products and metal chemistry / |
| Statement of responsibility, etc. | by T.E.R. Singer ; Foreword by J. Kurtz |
| 260 ## - PUBLICATION, DISTRIBUTION, ETC. | |
| Place of publication, distribution, etc. | New York : |
| Name of publisher, distributor, etc. | McGraw-Hill, |
| Date of publication, distribution, etc. | 1945 |
| 300 ## - PHYSICAL DESCRIPTION | |
| Extent | ix, 298 p. ; |
| Dimensions | 18 cm. |
| 500 ## - GENERAL NOTE | |
| General note | Text in English, German |
| 650 #0 - SUBJECT ADDED ENTRY--TOPICAL TERM | |
| Topical term or geographic name entry element | Metallurgy |
| Form subdivision | Dictionaries |
| -- | German |
| 9 (RLIN) | 976032 |
| 650 #0 - SUBJECT ADDED ENTRY--TOPICAL TERM | |
| Topical term or geographic name entry element | German language |
| Form subdivision | Dictionaries |
| -- | English |
| 9 (RLIN) | 705129 |
| 887 ## - NON-MARC INFORMATION FIELD | |
| Content of non-MARC field | |
| 901 ## - LOCAL DATA ELEMENT A, LDA (RLIN) | |
| a | 26479 |
| b | 02.05.1947 |
| 902 ## - LOCAL DATA ELEMENT B, LDB (RLIN) | |
| a | S.T 669.03 Si 64 |
| 949 ## - LOCAL PROCESSING INFORMATION (OCLC) | |
| -- | VIRTUAITEM |
| -- | 10000 |
| -- | 100 |
| 6 | PUR000026479ENG |
| 942 ## - ADDED ENTRY ELEMENTS (KOHA) | |
| Source of classification or shelving scheme | Dewey Decimal Classification |
| Koha item type | Books |
| Withdrawn status | Lost status | Damaged status | Not for loan | Collection code | Home library | Current library | Shelving location | Date acquired | Total Checkouts | Full call number | Barcode | Date last seen | Price effective from | Koha item type |
|---|---|---|---|---|---|---|---|---|---|---|---|---|---|---|
| National Library of India | National Library of India | S.T 669.03 Si 64 | PUR000026479ENG | 27/06/2021 | 27/06/2021 | Books |
